| 000 | 00959nam a2200301 i 4500 | ||
|---|---|---|---|
| 001 | 19829 | ||
| 003 | Mx-PuUPA | ||
| 005 | 20250924145205.0 | ||
| 008 | 140415s1997 mx a gr 001 0 spa d | ||
| 020 | _a9686802118 | ||
| 040 |
_aMx-PuUPA _bspa _cMx-PuUPA _dMx-PuUPA _erda |
||
| 041 | 0 | _aspa | |
| 043 | _acl----- | ||
| 100 | 1 |
_aAquino, Emigdio, _eautor |
|
| 245 | 1 | 0 |
_aJosé Carlos Mariátegui y el problema nacional / _cEmigdio Aquino |
| 250 | _aPrimera edición | ||
| 264 | 1 |
_aMéxico : _bUnión de Universidades de América Latina, _c1997 |
|
| 300 |
_a236 páginas : _btablas ; _c21 cm |
||
| 336 |
_2rdacontent _atexto _btxt |
||
| 337 |
_2rdamedia _asin medio _bn |
||
| 338 |
_2rdacarrier _avolumen _bnc |
||
| 490 | 0 | _aColección Idea Latinoamericana | |
| 600 | 1 | 4 | _aMariátegui, José Carlos |
| 650 | 7 |
_2armarc _aSociología _zAmérica Latina |
|
| 942 |
_2ddc _cLI _h330.985 _iA65 |
||
| 999 |
_c19829 _d19829 |
||